000 00463nam a2200181 a 4500
001 29668
005 20180713232745.0
008 140415s1993 000 0 spa d
020 _a968430756X
041 _aspa
082 _a900
_bGON
100 1 _aGONZÁLEZ JAIME, JUAN DE DIOS
245 1 0 _aHISTORIA PRIMER CURSO
250 _a1ª EDICIÓN
260 _a[s.l.] :
_bSANTILLANA,
_c1993
300 _a151
_c21 x 2 x 33
650 1 4 _aHISTORIA
999 _c29668
_d29668